LIBRARY ONLINE CATALOGUE

International finance / (Record no. 7399)

MARC details
000 -LEADER
fixed length control field 00600nam a22002052 4500
001 - CONTROL NUMBER
control field 0000007109
005 - DATE AND TIME OF LATEST TRANSACTION
control field 20151217152022.0
008 - FIXED-LENGTH DATA ELEMENTS--GENERAL INFORMATION
fixed length control field 071117s xx 000 0 eng d
020 ## - INTERNATIONAL STANDARD BOOK NUMBER
International Standard Book Number 1403948373 :
Terms of availability KES 3750
040 ## - CATALOGING SOURCE
Original cataloging agency KABU
Transcribing agency KABU
100 1# - MAIN ENTRY--PERSONAL NAME
Personal name Pilbeam, Keith.
-- 0000152531
245 10 - TITLE STATEMENT
Title International finance /
Statement of responsibility, etc. Keith Pilbeam.
250 ## - EDITION STATEMENT
Edition statement 3rd ed.
260 ## - PUBLICATION, DISTRIBUTION, ETC. (IMPRINT)
Place of publication, distribution, etc. Basingstoke, England :
Name of publisher, distributor, etc. Palgrave Macmillan,
Date of publication, distribution, etc. 2006.
300 ## - PHYSICAL DESCRIPTION
Extent xxvi, 497 p.
650 #0 - SUBJECT ADDED ENTRY--TOPICAL TERM
Topical term or geographic name as entry element International finance.
-- 0000149975
908 ## - PUT COMMAND PARAMETER (RLIN)
Put command parameter 071117
950 ## - LOCAL HOLDINGS (RLIN)
-- 1
Holdings
Withdrawn status Lost status Source of classification or shelving scheme Not for loan Home library Current library Date acquired Total Checkouts Full call number Barcode Date last seen Price effective from Koha item type Date last checked out
    Library of Congress Classification   Kabarak, Main Campus Kabarak, Main Campus 17/12/2015   HG3881 .P55 2006 011125 17/12/2015 17/12/2015 General Collection  
    Library of Congress Classification   Kabarak, Main Campus Kabarak, Main Campus 17/12/2015 2 HG3881 .P55 2006 011126 09/11/2021 17/12/2015 General Collection 28/10/2021